Music Quiz

Random Music or Lyrics Quiz

Guess the Green Day song Quiz Stats

 Plays Quiz not verified by Sporcle

Challenge
Share
Tweet
Embed
Score 0/131 Timer 10:00
0 Plays Today
Lyric Lyric % Correct
a
90.3%
and
90.3%
the
90.3%
the
90.3%
the
90.3%
the
90.3%
the
90.3%
and
90.3%
a
90.3%
the
90.3%
the
90.3%
the
90.3%
90.3%
you
78.6%
you
78.6%
you
78.6%
you
78.6%
you
78.6%
you
78.6%
you
78.6%
it
58.6%
it
58.6%
in
54.5%
in
54.5%
my
53.1%
my
53.1%
my
53.1%
my
53.1%
my
53.1%
is
51.7%
im
50.3%
im
49.7%
im
49.7%
im
49.7%
im
49.7%
im
49.7%
im
49.7%
im
49.7%
im
49.7%
i
49%
i
49%
i
49%
i
49%
i
49%
Lyric Lyric % Correct
i
49%
i
49%
i
49%
i
49%
not
48.3%
not
48.3%
not
48.3%
so
48.3%
so
48.3%
so
48.3%
when
46.9%
dont
41.4%
youre
39.3%
its
38.6%
time
38.6%
its
38.6%
this
34.5%
up
33.1%
there
33.1%
was
30.3%
like
27.6%
know
26.2%
head
25.5%
out
25.5%
at
24.8%
just
24.1%
thats
23.4%
get
22.8%
lost
22.1%
lost
22.1%
lost
22.1%
lost
22.1%
around
19.3%
room
17.9%
cause
17.9%
cause
17.9%
well
17.9%
well
17.9%
feeling
17.2%
under
17.2%
something
15.9%
missing
15.9%
missing
15.9%
missing
15.9%
Lyric Lyric % Correct
missing
15.9%
missing
15.9%
waking
15.2%
first
15.2%
looking
14.5%
hit
13.8%
forget
13.8%
shes
13.8%
shes
13.8%
even
13.1%
bed
13.1%
over
13.1%
vacant
11.7%
nerve
11.7%
inside
11%
unnerving
11%
looked
11%
walls
10.3%
complete
10.3%
clothes
9.7%
forgetting
9.7%
punched
9.7%
searched
9%
streets
9%
pavement
8.3%
station
8.3%
lone
8.3%
remember
7.6%
bus
7.6%
cold
7.6%
star
7.6%
moon
6.9%
told
6.9%
loved
6.2%
soul
6.2%
pounding
5.5%
blood
5.5%
far
5.5%
hard
4.8%
gets
4.1%
feels
3.4%
anxious
2.1%
diasater
0%

You're not logged in!

Compare scores with friends on all Sporcle quizzes.
OR
Log In

You Might Also Like...

Show Comments

Extras

Top Quizzes Today


Score Distribution

Your Account Isn't Verified!

In order to create a playlist on Sporcle, you need to verify the email address you used during registration. Go to your Sporcle Settings to finish the process.

Report this User

Report this user for behavior that violates our Community Guidelines.

Details: